| 000 | 00614cam a22001932 4500 | ||
|---|---|---|---|
| 001 | 0000019761 | ||
| 005 | 20151021151135.0 | ||
| 008 | 110207s xx 000 0 eng d | ||
| 040 |
_aKABU _cKABU |
||
| 050 | 0 |
_aKSK70 _b.S77 2009 |
|
| 110 | 2 |
_aStrathmore University. _bDistance Learning Centre. _@0000150769 |
|
| 245 | 1 | 0 |
_aLaw I : _bSubject no. 2 revision kit. |
| 260 |
_aNairobi : _bS. U. P, _c2009. |
||
| 300 | _axvii, 147 p. | ||
| 650 | 0 |
_aLaw _zKenya. _xExaminations, questions, etc. _@0000153412 |
|
| 852 | 1 | _9p980 KES | |
| 908 | _a110207 | ||
| 950 | _@1 | ||
| 999 |
_c1115 _d1115 |
||